000 00306nam a22001337a 4500
008 171204b xxu||||| |||| 00| 0 eng d
020 _a9781566635080
041 _aeng
080 _a82
100 _a21
101 _aGJL
245 _aA THEATERGOER'S GUIDE TO SHAKESPEARE
_cFALLON,R.TH
942 _2udc
_cBK
999 _c38781
_d38781